[Event "Cappelle Online Blitz op"]
[Site "Europe Echecs INT"]
[Date "2022.01.09"]
[Round "10"]
[White "Dias Huizar, Alvaro"]
[Black "Deac, Bogdan Daniel"]
[Result "0-1"]
[ECO "D01"]
[WhiteElo "2409"]
[BlackElo "2679"]
[PlyCount "84"]
[EventDate "2022.01.09"]
[EventType "swiss (blitz)"]
[EventRounds "11"]
[EventCountry "FRA"]
[SourceTitle "EXT 2023"]
[Source "ChessBase"]
[SourceDate "2022.10.05"]
[SourceVersion "1"]
[SourceVersionDate "2022.10.05"]
[SourceQuality "1"]

1. d4 Nf6 2. Nc3 d5 3. Bg5 Nbd7 4. f3 h6 5. Bh4 c5 6. Bxf6 Nxf6 7. Qd2 e6 8. e4 dxe4 9. Bb5+ Bd7 10. Bxd7+ Qxd7 11. Nxe4 Qxd4 12. Qxd4 cxd4 13. 0-0-0 0-0-0 14. Nxf6 gxf6 15. Ne2 Bc5 16. Rd3 Rhg8 17. g3 Bb6 18. Rhd1 e5 19. c3 dxc3 20. Nxc3 Rxd3 21. Rxd3 f5 22. Rd5 f6 23. a4 Bg1 24. Rd2 Be3 25. Kc2 Bxd2 26. Kxd2 h5 27. Ke3 h4 28. Kf2 hxg3+ 29. hxg3 Rd8 30. Ke2 Rd4 31. Ke3 Rb4 32. Nd5 Rb3+ 33. Kd2 Rxb2+ 34. Kc3 Rf2 35. Nxf6 Rxf3+ 36. Kc4 Rxg3 37. Kd5 e4 38. Ne8 e3 39. Nd6+ Kb8 40. Nxf5 e2 41. Nxg3 e1Q 42. Ne4 Qa5+ 0-1

[Event "Cappelle Online Blitz op"]
[Site "Europe Echecs INT"]
[Date "2022.01.09"]
[Round "3"]
[White "Fridman, Daniel"]
[Black "Dias Huizar, Alvaro"]
[Result "1-0"]
[ECO "D79"]
[WhiteElo "2626"]
[BlackElo "2409"]
[PlyCount "63"]
[EventDate "2022.01.09"]
[EventType "swiss (blitz)"]
[EventRounds "11"]
[EventCountry "FRA"]
[SourceTitle "EXT 2023"]
[Source "ChessBase"]
[SourceDate "2022.10.05"]
[SourceVersion "1"]
[SourceVersionDate "2022.10.05"]
[SourceQuality "1"]

1. d4 Nf6 2. Nf3 g6 3. g3 Bg7 4. Bg2 d5 5. c4 c6 6. cxd5 cxd5 7. Nc3 0-0 8. Ne5 Nc6 9. 0-0 e6 10. Nxc6 bxc6 11. b3 Qa5 12. Bb2 c5 13. Na4 cxd4 14. Bxd4 Ba6 15. Nc5 Rfd8 16. Bf3 Rac8 17. b4 Qa3 18. Qb3 Qxb3 19. axb3 Bb5 20. Rxa7 Ne4 21. Bxg7 Nxc5 22. Bf6 Rd7 23. Ra5 Nxb3 24. Rxb5 Nd2 25. Rd1 Nxf3+ 26. exf3 h5 27. h4 Rdc7 28. Kg2 Rc2 29. f4 Kf8 30. Ra1 Rd2 31. Rb7 d4 32. Raa7 1-0

[Event "Cappelle Online Blitz op"]
[Site "Europe Echecs INT"]
[Date "2022.01.09"]
[Round "1"]
[White "Morata, Jules"]
[Black "Dias Huizar, Alvaro"]
[Result "0-1"]
[ECO "B21"]
[WhiteElo "1600"]
[BlackElo "2409"]
[PlyCount "155"]
[EventDate "2022.01.09"]
[EventType "swiss (blitz)"]
[EventRounds "11"]
[EventCountry "FRA"]
[SourceTitle "EXT 2023"]
[Source "ChessBase"]
[SourceDate "2022.10.05"]
[SourceVersion "1"]
[SourceVersionDate "2022.10.05"]
[SourceQuality "1"]

1. e4 c5 2. d4 cxd4 3. c3 d3 4. Bxd3 Nc6 5. Nf3 g6 6. 0-0 Bg7 7. Bc4 d6 8. Re1 Nf6 9. Nbd2 Qc7 10. Bb3 0-0 11. Nf1 a6 12. Ng3 Na5 13. Bc2 Rd8 14. h4 Bg4 15. Qe2 Nc4 16. Bb3 Ne5 17. Qe3 Nc4 18. Bxc4 Qxc4 19. Ng5 Qc7 20. f3 Bd7 21. h5 h6 22. Nh3 g5 23. Nf5 Bxf5 24. exf5 Rac8 25. Kh1 Qc5 26. Qd2 Qxf5 27. Rf1 e6 28. g4 Qd5 29. Qe3 Qc5 30. Qd2 d5 31. Nxg5 hxg5 32. Qxg5 d4 33. Qxc5 Rxc5 34. cxd4 Rc2 35. h6 Bh8 36. g5 Nd5 37. Rg1 Kh7 38. Rg2 Rdc8 39. Rxc2 Rxc2 40. b3 Bxd4 41. Rb1 Rf2 42. Ba3 Rxf3 43. Rc1 Rc3 44. Rf1 Kg6 45. Bf8 Ne3 46. Rg1 Nf5 47. Rg2 Rc1+ 48. Kh2 Rf1 49. Bb4 Rf2 50. Rxf2 Bxf2 51. Bd2 Be3 52. Bxe3 Nxe3 53. Kg3 Nd5 54. Kf3 b5 55. Ke4 Nc3+ 56. Ke5 Nxa2 57. Kd6 Nc1 58. Ke7 Nd3 59. Kf8 Kh7 60. Kxf7 Nf4 61. Kf6 a5 62. Ke5 Ng6+ 63. Kxe6 a4 64. bxa4 bxa4 65. Kd5 a3 66. Kc4 a2 67. Kb3 a1Q 68. Kb4 Qe5 69. Kc4 Qxg5 70. Kd3 Qxh6 71. Ke4 Qh4+ 72. Kf5 Qf4+ 73. Ke6 Qe5+ 74. Kd7 Nh4 75. Kc6 Qd4 76. Kc7 Kg6 77. Kc6 Kf5 78. Kc7 0-1

[Event "Tetraktys Concept Mgmt"]
[Site "Europe Echecs INT"]
[Date "2021.06.06"]
[Round "1"]
[White "Dias Huizar, Alvaro"]
[Black "Jannur, Kupjasar"]
[Result "0-1"]
[ECO "D00"]
[WhiteElo "2409"]
[BlackElo "1517"]
[PlyCount "72"]
[EventDate "2021.06.06"]
[EventType "swiss (blitz)"]
[EventRounds "11"]
[EventCountry "FRA"]
[SourceTitle "CBM 202 Extra"]
[Source "ChessBase"]
[SourceDate "2021.07.31"]
[SourceVersion "1"]
[SourceVersionDate "2021.07.31"]
[SourceQuality "1"]

1. d4 d5 2. Nc3 e6 3. f3 Nf6 4. Bg5 Be7 5. e4 h6 6. Bxf6 Bxf6 7. e5 Bg5 8. g3 c5 9. f4 Be7 10. Bb5+ Bd7 11. Bxd7+ Qxd7 12. Nf3 cxd4 13. Nxd4 Nc6 14. Nce2 Nxd4 15. Nxd4 Rc8 16. c3 Bc5 17. 0-0 0-0 18. Kg2 Bxd4 19. Qxd4 a5 20. Rf2 Rc4 21. Qe3 Rfc8 22. Rd2 Qc6 23. Rd4 b5 24. a3 b4 25. axb4 axb4 26. cxb4 Rc2+ 27. Kh3 Rxb2 28. Rad1 Qc2 29. R1d2 Qc1 30. Qf2 Rcc2 31. Rxc2 Rxc2 32. Qf3 Qb2 33. Kg4 Qxd4 34. b5 Qe4 35. Qb3 Qe2+ 36. Kh3 Qh5# 0-1

[Event "Tetraktys Concept Mgmt"]
[Site "Europe Echecs INT"]
[Date "2021.06.06"]
[Round "5"]
[White "Dias Huizar, Alvaro"]
[Black "Keymer, Vincent"]
[Result "0-1"]
[ECO "D01"]
[WhiteElo "2409"]
[BlackElo "2591"]
[PlyCount "44"]
[EventDate "2021.06.06"]
[EventType "swiss (blitz)"]
[EventRounds "11"]
[EventCountry "FRA"]
[SourceTitle "CBM 202 Extra"]
[Source "ChessBase"]
[SourceDate "2021.07.31"]
[SourceVersion "1"]
[SourceVersionDate "2021.07.31"]
[SourceQuality "1"]

1. d4 Nf6 2. Nc3 d5 3. Bg5 Nbd7 4. f3 h6 5. Bh4 g5 6. Bf2 e5 7. h4 g4 8. e4 gxf3 9. Qxf3 Bb4 10. exd5 e4 11. Qe2 Qe7 12. 0-0-0 Bxc3 13. bxc3 Nxd5 14. Qc4 N7b6 15. Qc5 Be6 16. Bb5+ c6 17. Qxe7+ Kxe7 18. Be2 Nxc3 19. Kb2 Nxd1+ 20. Bxd1 Rhg8 21. g3 e3 22. Bxe3 Nc4+ 0-1

[Event "Tetraktys Concept Mgmt"]
[Site "Europe Echecs INT"]
[Date "2021.06.06"]
[Round "3"]
[White "Dias Huizar, Alvaro"]
[Black "Zienkiewicz, Jan"]
[Result "1-0"]
[ECO "A45"]
[WhiteElo "2409"]
[BlackElo "1866"]
[PlyCount "91"]
[EventDate "2021.06.06"]
[EventType "swiss (blitz)"]
[EventRounds "11"]
[EventCountry "FRA"]
[SourceTitle "CBM 202 Extra"]
[Source "ChessBase"]
[SourceDate "2021.07.31"]
[SourceVersion "1"]
[SourceVersionDate "2021.07.31"]
[SourceQuality "1"]

1. d4 Nf6 2. Nc3 g6 3. Bg5 Bg7 4. Qd2 d6 5. Bh6 Kf8 6. 0-0-0 c6 7. e4 b5 8. Bd3 Nbd7 9. Nf3 Qa5 10. Bxg7+ Kxg7 11. e5 Ne8 12. e6 fxe6 13. Rhe1 Ndf6 14. a3 Rb8 15. Ng5 Nc7 16. Nce4 Qxd2+ 17. Rxd2 Re8 18. f3 Ncd5 19. g3 Bd7 20. Rde2 h6 21. Nxf6 Nxf6 22. Nxe6+ Bxe6 23. Rxe6 b4 24. axb4 Kf7 25. c3 c5 26. dxc5 dxc5 27. b5 Rbc8 28. c4 Rcd8 29. Bc2 Rd4 30. b3 h5 31. f4 h4 32. f5 gxf5 33. Bxf5 hxg3 34. hxg3 Rdd8 35. g4 Rd4 36. Kc2 Kg7 37. Rxe7+ Rxe7 38. Rxe7+ Kh6 39. Rxa7 Kg5 40. Be6 Ne4 41. Bf5 Nf2 42. b6 Rd6 43. b7 Rb6 44. Bc8 Ne4 45. Ra8 Nd6 46. b8Q 1-0

[Event "Cappelle Online Blitz op"]
[Site "Europe Echecs INT"]
[Date "2021.03.07"]
[Round "4"]
[White "Dias Huizar, Alvaro"]
[Black "Briand, Amaury"]
[Result "1-0"]
[ECO "D01"]
[WhiteElo "2409"]
[BlackElo "2014"]
[PlyCount "71"]
[EventDate "2021.03.07"]
[EventType "swiss (blitz)"]
[EventRounds "11"]
[EventCountry "FRA"]
[SourceTitle "CBM 201 Extra"]
[Source "ChessBase"]
[SourceDate "2021.05.31"]
[SourceVersion "1"]
[SourceVersionDate "2021.05.31"]
[SourceQuality "1"]

1. d4 d5 2. Nc3 Nf6 3. Bg5 c5 4. Bxf6 gxf6 5. e4 dxe4 6. dxc5 Qxd1+ 7. Rxd1 Bf5 8. Nd5 Nd7 9. Nc7+ Kd8 10. Nxa8 e5 11. b4 Kc8 12. Bb5 Bh6 13. Ne2 e3 14. fxe3 Bxe3 15. Ng3 Bg4 16. Rd3 Bf4 17. Ne4 Rf8 18. g3 Bh6 19. h3 Be6 20. Bxd7+ Bxd7 21. Nxf6 Bc6 22. Rh2 Kb8 23. Nd7+ Bxd7 24. Rxd7 Kxa8 25. Rf2 f5 26. Rxh7 Be3 27. Re2 f4 28. gxf4 exf4 29. Rxe3 fxe3 30. Ke2 Re8 31. h4 Kb8 32. h5 Kc8 33. h6 Kb8 34. Rg7 Rh8 35. h7 a6 36. Rg8+ 1-0

[Event "Cappelle Online Blitz op"]
[Site "Europe Echecs INT"]
[Date "2021.03.07"]
[Round "6"]
[White "Dias Huizar, Alvaro"]
[Black "Hauchard, Arnaud"]
[Result "0-1"]
[ECO "A80"]
[WhiteElo "2409"]
[BlackElo "2515"]
[PlyCount "58"]
[EventDate "2021.03.07"]
[EventType "swiss (blitz)"]
[EventRounds "11"]
[EventCountry "FRA"]
[SourceTitle "CBM 201 Extra"]
[Source "ChessBase"]
[SourceDate "2021.05.31"]
[SourceVersion "1"]
[SourceVersionDate "2021.05.31"]
[SourceQuality "1"]

1. d4 f5 2. Nc3 Nf6 3. Bg5 d5 4. f3 c5 5. e3 e6 6. Nge2 Nc6 7. g3 Be7 8. Bg2 0-0 9. 0-0 b6 10. Bf4 Qd7 11. Be5 Ba6 12. Re1 Rad8 13. h4 Nh5 14. Kf2 Nxe5 15. dxe5 d4 16. exd4 cxd4 17. Nb1 f4 18. Nd2 fxg3+ 19. Nxg3 Bxh4 20. Nde4 Rf4 21. Rh1 Rxe4 22. fxe4 Bxg3+ 23. Kg1 Nf4 24. Bf1 Bxf1 25. Kxf1 d3 26. Qg4 dxc2 27. Qxg3 Qd1+ 28. Rxd1 cxd1Q+ 29. Kf2 Rd2+ 0-1

[Event "Cappelle Online Blitz op 1st"]
[Site "Europe Echecs INT"]
[Date "2021.01.10"]
[Round "8"]
[White "Dias Huizar, Alvaro"]
[Black "Ermeni, Avni"]
[Result "0-1"]
[ECO "D01"]
[WhiteElo "2409"]
[BlackElo "2150"]
[PlyCount "116"]
[EventDate "2021.01.10"]
[EventType "swiss (blitz)"]
[EventRounds "11"]
[EventCountry "FRA"]
[SourceTitle "CBM 200 Extra"]
[Source "ChessBase"]
[SourceDate "2021.03.31"]
[SourceVersion "1"]
[SourceVersionDate "2021.03.31"]
[SourceQuality "1"]

1. d4 Nf6 2. Nc3 d5 3. Bg5 c6 4. Nf3 Bf5 5. e3 Qb6 6. Rb1 Nbd7 7. Bd3 Bg4 8. 0-0 e6 9. h3 Bh5 10. Be2 Bd6 11. Re1 0-0 12. Nd2 Bg6 13. Bd3 e5 14. Bxg6 fxg6 15. dxe5 Nxe5 16. Nb3 Rae8 17. Nd4 Qc7 18. Bf4 Nc4 19. Bxd6 Nxd6 20. b3 Nfe4 21. Nxe4 Nxe4 22. Qd3 Rxf2 23. Re2 Qg3 24. Rxf2 Nxf2 25. Qf1 Nxh3+ 26. Kh1 Nf2+ 27. Kg1 Ng4 28. Qf4 Qxe3+ 29. Qxe3 Rxe3 30. Rf1 Re4 31. c3 h6 32. b4 Re3 33. Rc1 Rd3 34. Ne6 b6 35. Nd8 c5 36. bxc5 bxc5 37. Nc6 a6 38. Nb8 a5 39. Na6 c4 40. Nc5 Rd2 41. a4 Ne3 42. Nb7 Rxg2+ 43. Kh1 Rc2 44. Re1 Rxc3 45. Nxa5 d4 46. Nc6 Nf5 47. Ne5 Kh7 48. a5 d3 49. a6 d2 50. Rd1 Rc1 51. a7 Rxd1+ 52. Kg2 Ra1 53. Nxc4 d1Q 54. a8Q Rxa8 55. Ne5 Ra3 56. Nf3 Qxf3+ 57. Kh2 Ra2+ 58. Kg1 Qg2# 0-1

[Event "Bogota Navidad op"]
[Site "Bogota"]
[Date "2014.12.06"]
[Round "6"]
[White "Martinez, Mauricio"]
[Black "Dias Huizar, Alvaro"]
[Result "1-0"]
[ECO "B52"]
[WhiteElo "1995"]
[BlackElo "2133"]
[PlyCount "129"]
[EventDate "2014.12.04"]
[EventType "swiss"]
[EventRounds "9"]
[EventCountry "COL"]
[SourceTitle "CBM 163 Extra"]
[Source "ChessBase"]
[SourceDate "2014.12.23"]
[SourceVersion "1"]
[SourceVersionDate "2014.12.23"]
[SourceQuality "1"]

1. e4 c5 2. Nf3 d6 3. Bb5+ Bd7 4. Bxd7+ Qxd7 5. h3 Nf6 6. Nc3 g6 7. 0-0 Bg7 8. e5 dxe5 9. Nxe5 Qc7 10. Qe2 a6 11. d3 Nc6 12. Nxc6 Qxc6 13. Re1 0-0 14. Bd2 e6 15. Ne4 Nxe4 16. Qxe4 Qxe4 17. Rxe4 b5 18. Rb1 Rfd8 19. Kf1 Rd5 20. b3 Rad8 21. a4 b4 22. Be3 Bd4 23. Re1 Kg7 24. Bxd4+ Rxd4 25. Re5 R8d5 26. Rxd5 exd5 27. Ke2 Kf6 28. Ke3 h5 29. Kd2 Rf4 30. f3 g5 31. Re8 g4 32. hxg4 hxg4 33. Ke3 Kf5 34. Rc8 g3 35. Rxc5 Rh4 36. Rxd5+ Ke6 37. Rg5 f5 38. f4 Rh1 39. Rxg3 Rc1 40. Kd2 Rg1 41. c3 bxc3+ 42. Kxc3 a5 43. Kd4 Rb1 44. Rg6+ Kf7 45. Rb6 Rg1 46. Ke5 Rxg2 47. Kxf5 Rd2 48. Ke4 Rf2 49. f5 Re2+ 50. Kd4 Rf2 51. f6 Rf4+ 52. Kc3 Rf5 53. Kc4 Rf4+ 54. d4 Ke8 55. Kb5 Rf5+ 56. Kc4 Kd7 57. Rb5 Rxf6 58. Rxa5 Rf1 59. Rc5 Rc1+ 60. Kb5 Rb1 61. b4 Rd1 62. d5 Rg1 63. a5 Ra1 64. a6 Kd6 65. Kb6 1-0

[Event "Bogota Navidad op"]
[Site "Bogota"]
[Date "2014.12.04"]
[Round "2"]
[White "Cerezo Najera, Jorge"]
[Black "Dias Huizar, Alvaro"]
[Result "1-0"]
[ECO "B90"]
[WhiteElo "1881"]
[BlackElo "2133"]
[PlyCount "83"]
[EventDate "2014.12.04"]
[EventType "swiss"]
[EventRounds "9"]
[EventCountry "COL"]
[SourceTitle "CBM 163 Extra"]
[Source "ChessBase"]
[SourceDate "2014.12.23"]
[SourceVersion "1"]
[SourceVersionDate "2014.12.23"]
[SourceQuality "1"]

1. e4 c5 2. Nf3 d6 3. d4 cxd4 4. Nxd4 Nf6 5. Nc3 a6 6. Be3 e5 7. Nb3 Qc7 8. f3 Be6 9. Qd2 h5 10. 0-0-0 Nbd7 11. Nd5 Bxd5 12. exd5 Rc8 13. c4 Nb6 14. Kb1 g6 15. Rc1 Nbd7 16. Bd3 b6 17. h3 h4 18. f4 e4 19. Be2 a5 20. Nd4 Bg7 21. f5 gxf5 22. Nxf5 Kf8 23. Bd4 Rh7 24. Nxg7 Rxg7 25. Qh6 Kg8 26. Bxf6 Nxf6 27. Qxf6 a4 28. Rc3 Rxg2 29. Qxh4 Qc5 30. Rg3+ Rxg3 31. Qxg3+ Kf8 32. Rf1 b5 33. Qf2 Qxf2 34. Rxf2 bxc4 35. Kc2 Rc5 36. Rf4 e3 37. Rf3 Rxd5 38. Rxe3 Rc5 39. Ra3 Ra5 40. Kc3 d5 41. Bd1 Ke7 42. Rxa4 1-0

[Event "Rohde op 09th"]
[Site "Sautron"]
[Date "2009.10.30"]
[Round "8"]
[White "Schone, Claude"]
[Black "Dias Huizar, Alvaro"]
[Result "0-1"]
[ECO "D08"]
[WhiteElo "1918"]
[BlackElo "2156"]
[PlyCount "46"]
[EventDate "2009.10.24"]
[EventType "swiss"]
[EventRounds "9"]
[EventCountry "FRA"]
[SourceTitle "EXT 2010"]
[Source "ChessBase"]
[SourceDate "2010.11.25"]
[SourceVersion "1"]
[SourceVersionDate "2010.11.25"]
[SourceQuality "1"]

1. d4 d5 2. c4 e5 3. dxe5 d4 4. a3 Nc6 5. Nf3 Bg4 6. Bg5 Be7 7. Bf4 g5 8. Bg3 Nh6 9. Nbd2 Nf5 10. Qc2 Qd7 11. Qe4 Nxg3 12. hxg3 0-0-0 13. Qb1 Bf5 14. Qa2 g4 15. Nh4 d3 16. Nxf5 Qxf5 17. e3 Nxe5 18. c5 Bxc5 19. Rc1 Bb6 20. b4 Rhe8 21. f3 gxf3 22. Rh4 Ng4 23. e4 fxg2 0-1

[Event "Rohde op 09th"]
[Site "Sautron"]
[Date "2009.10.29"]
[Round "7"]
[White "Berbatov, Kiprian"]
[Black "Dias Huizar, Alvaro"]
[Result "1-0"]
[ECO "B90"]
[WhiteElo "2457"]
[BlackElo "2156"]
[PlyCount "119"]
[EventDate "2009.10.24"]
[EventType "swiss"]
[EventRounds "9"]
[EventCountry "FRA"]
[SourceTitle "EXT 2010"]
[Source "ChessBase"]
[SourceDate "2010.11.25"]
[SourceVersion "1"]
[SourceVersionDate "2010.11.25"]
[SourceQuality "1"]

1. e4 c5 2. Nf3 d6 3. d4 cxd4 4. Nxd4 Nf6 5. Nc3 a6 6. Bc4 Qc7 7. Bb3 Nc6 8. Bg5 e6 9. Bxf6 gxf6 10. f4 Be7 11. f5 Nxd4 12. Qxd4 Bd7 13. 0-0-0 Qc5 14. Qd3 Rc8 15. Ne2 Rg8 16. Qh3 Rg7 17. Nf4 Qe5 18. Rhf1 exf5 19. Qh6 Bf8 20. Nh5 Rxg2 21. Nxf6+ Ke7 22. Nd5+ Ke8 23. Qxh7 Be6 24. exf5 Bxd5 25. Rxd5 Rgxc2+ 26. Bxc2 Qe2 27. f6 Qxf1+ 28. Rd1 Qe2 29. Kb1 Rc4 30. Qf5 b5 31. Rg1 Qxh2 32. Re1+ Kd8 33. Bb3 Rc5 34. Qe4 Qe5 35. Qa8+ Rc8 36. Rxe5 Rxa8 37. Rh5 Ra7 38. Rh8 Ke8 39. Bd5 Rc7 40. b4 Rc8 41. Bb7 Rc4 42. a3 Rf4 43. Bc6+ Kd8 44. Rxf8+ Kc7 45. Bd5 Rxf6 46. Rxf7+ Rxf7 47. Bxf7 Kd7 48. Bd5 Kc7 49. Kc2 Kb6 50. Kd3 a5 51. Ke4 axb4 52. axb4 Kc7 53. Kf5 Kd7 54. Kf6 Kc8 55. Ke6 Kc7 56. Ke7 Kc8 57. Kxd6 Kd8 58. Kc6 Kc8 59. Kxb5 Kb8 60. Ka6 1-0

[Event "Rohde op 09th"]
[Site "Sautron"]
[Date "2009.10.26"]
[Round "3"]
[White "Dias Huizar, Alvaro"]
[Black "Coent, Yann"]
[Result "1-0"]
[ECO "C27"]
[WhiteElo "2156"]
[BlackElo "1856"]
[PlyCount "37"]
[EventDate "2009.10.24"]
[EventType "swiss"]
[EventRounds "9"]
[EventCountry "FRA"]
[SourceTitle "EXT 2010"]
[Source "ChessBase"]
[SourceDate "2010.11.25"]
[SourceVersion "1"]
[SourceVersionDate "2010.11.25"]
[SourceQuality "1"]

1. e4 e5 2. Nc3 Bc5 3. f4 d6 4. Nf3 Nc6 5. Bc4 Nf6 6. d3 0-0 7. Na4 Bb6 8. Nxb6 axb6 9. 0-0 Bd7 10. Qe1 exf4 11. Bxf4 Na5 12. Bd5 Nc6 13. Bg5 Be6 14. Bxc6 bxc6 15. Nd4 c5 16. Nf5 Bxf5 17. Rxf5 h6 18. Bxf6 gxf6 19. Qh4 1-0

[Event "Rohde op 08th"]
[Site "Sautron"]
[Date "2008.10.30"]
[Round "7"]
[White "Dias Huizar, Alvaro"]
[Black "Priser, Gwendal"]
[Result "1/2-1/2"]
[ECO "C29"]
[WhiteElo "2187"]
[BlackElo "1450"]
[PlyCount "56"]
[EventDate "2008.10.25"]
[EventType "swiss"]
[EventRounds "9"]
[EventCountry "FRA"]
[SourceTitle "EXT 2009"]
[Source "ChessBase"]
[SourceDate "2008.11.26"]
[SourceVersion "1"]
[SourceVersionDate "2008.11.26"]
[SourceQuality "1"]

1. e4 e5 2. Nc3 Nf6 3. f4 Nc6 4. fxe5 Nxe5 5. d4 Ng6 6. e5 Ng8 7. Nf3 d6 8. exd6 Bxd6 9. Bc4 Nf6 10. 0-0 0-0 11. Bg5 h6 12. Bxf6 Qxf6 13. Nd5 Qf5 14. Ne5 Qg5 15. Nxg6 Qxg6 16. c3 Bh3 17. Qf3 Bg4 18. Qf2 Qh5 19. Nf4 Bxf4 20. Qxf4 Rae8 21. Qxc7 Be2 22. Bxe2 Rxe2 23. Qxb7 Rfe8 24. Qf3 Qg6 25. Rac1 R2e3 26. Qf5 Re1 27. Rcxe1 Rxe1 28. Qxg6 Rxf1+ 1/2-1/2

[Event "FRA-chT2 West 0607"]
[Site "France"]
[Date "2007.02.11"]
[Round "7.2"]
[White "Dias Huizar, Alvaro"]
[Black "Betton, Olivier"]
[Result "0-1"]
[ECO "B19"]
[WhiteElo "2208"]
[BlackElo "2175"]
[PlyCount "86"]
[EventDate "2006.10.15"]
[EventType "team-tourn"]
[EventRounds "11"]
[EventCountry "FRA"]
[SourceTitle "EXT 2008"]
[Source "ChessBase"]
[SourceDate "2007.11.25"]
[SourceVersion "1"]
[SourceVersionDate "2007.11.25"]
[SourceQuality "1"]
[WhiteTeam "Sautron"]
[BlackTeam "Bordeaux ASPOM"]
[WhiteTeamCountry "FRA"]
[BlackTeamCountry "FRA"]

1. e4 c6 2. d4 d5 3. Nc3 dxe4 4. Nxe4 Bf5 5. Ng3 Bg6 6. h4 h6 7. h5 Bh7 8. Nf3 Nd7 9. Bd3 Bxd3 10. Qxd3 Qc7 11. Bd2 Ngf6 12. c4 e6 13. c5 Be7 14. 0-0 0-0 15. Rfe1 Rad8 16. Qc2 Nd5 17. Rad1 Rfe8 18. Ne5 Bf6 19. Ne4 Bxe5 20. dxe5 Nxe5 21. Nd6 Ng4 22. f3 Rxd6 23. fxg4 Rd7 24. g5 hxg5 25. Bxg5 Qg3 26. Bc1 Red8 27. Qe2 Nf4 28. Bxf4 Qxf4 29. Kh1 Rd5 30. a3 Rxd1 31. Rxd1 Rd5 32. b4 Qh4+ 33. Kg1 Rxh5 34. Rd8+ Qxd8 35. Qxh5 Qd4+ 36. Kh2 Qf4+ 37. g3 Qh6 38. Qxh6 gxh6 39. a4 a6 40. g4 Kg7 41. Kg3 e5 42. Kf3 Kf6 43. Ke4 Ke6 0-1

[Event "FRA-chT2 West 0607"]
[Site "France"]
[Date "2007.01.20"]
[Round "5.4"]
[White "Renault, Fabien"]
[Black "Dias Huizar, Alvaro"]
[Result "1-0"]
[ECO "B07"]
[WhiteElo "2124"]
[BlackElo "2208"]
[PlyCount "61"]
[EventDate "2006.10.15"]
[EventType "team-tourn"]
[EventRounds "11"]
[EventCountry "FRA"]
[SourceTitle "EXT 2008"]
[Source "ChessBase"]
[SourceDate "2007.11.25"]
[SourceVersion "1"]
[SourceVersionDate "2007.11.25"]
[SourceQuality "1"]
[WhiteTeam "Agneaux Saint Lo"]
[BlackTeam "Sautron"]
[WhiteTeamCountry "FRA"]
[BlackTeamCountry "FRA"]

1. e4 d6 2. d4 Nf6 3. Nc3 g6 4. f3 Bg7 5. Be3 0-0 6. Qd2 c6 7. 0-0-0 b5 8. g4 Qa5 9. Kb1 b4 10. Nce2 Be6 11. b3 c5 12. Nf4 Bd7 13. d5 Qa3 14. Qc1 a5 15. Qxa3 bxa3 16. Bc4 a4 17. Nge2 Na6 18. Nd3 Rfb8 19. e5 Ne8 20. Bf4 Nb4 21. Nec1 Bb5 22. Bxb5 Rxb5 23. c4 Nxd3 24. Rxd3 Rb7 25. Re1 Raa7 26. exd6 Nxd6 27. Bxd6 exd6 28. Re8+ Bf8 29. Rde3 Kg7 30. Kc2 Be7 31. Ne2 1-0

[Event "FRA-chT2 West 0607"]
[Site "France"]
[Date "2006.11.26"]
[Round "3.2"]
[White "Dias Huizar, Alvaro"]
[Black "Demanghon, Jonathan"]
[Result "0-1"]
[ECO "C00"]
[WhiteElo "2223"]
[BlackElo "2197"]
[PlyCount "82"]
[EventDate "2006.10.15"]
[EventType "team-tourn"]
[EventRounds "11"]
[EventCountry "FRA"]
[SourceTitle "EXT 2008"]
[Source "ChessBase"]
[SourceDate "2007.11.25"]
[SourceVersion "1"]
[SourceVersionDate "2007.11.25"]
[SourceQuality "1"]
[WhiteTeam "Sautron"]
[BlackTeam "Rennes Paul Bert"]
[WhiteTeamCountry "FRA"]
[BlackTeamCountry "FRA"]

1. e4 e6 2. Qe2 c5 3. f4 Nc6 4. Nf3 g6 5. g3 Bg7 6. Bg2 Nge7 7. Nc3 d6 8. 0-0 0-0 9. d3 Rb8 10. a4 b6 11. Be3 Nd4 12. Bxd4 cxd4 13. Nb5 Nc6 14. e5 dxe5 15. Nxe5 Nxe5 16. fxe5 Bb7 17. Bxb7 Rxb7 18. Qe4 Rd7 19. Rae1 Rd5 20. Qf4 Qb8 21. Re4 Bxe5 22. Qf2 Bg7 23. Kg2 Qb7 24. Kg1 Qd7 25. Rfe1 a6 26. Na3 b5 27. axb5 axb5 28. g4 Bh6 29. Qg3 Be3+ 30. Kh1 f5 31. gxf5 exf5 32. R4xe3 dxe3 33. Qxe3 Rd4 34. Qe6+ Qxe6 35. Rxe6 Rb4 36. Rb6 Rxb2 37. Rxb5 Ra2 38. Rb3 Ra8 39. Nb1 Rxc2 40. Na3 Ra2 41. Nb1 Re8 0-1

[Event "MEX-ch Nat & Int 48th"]
[Site "Hermosillo"]
[Date "2002.03.31"]
[Round "9"]
[White "Villalobos Santana, Gonzalo"]
[Black "Dias Huizar, Alvaro"]
[Result "1-0"]
[ECO "E00"]
[WhiteElo "1912"]
[BlackElo "2016"]
[PlyCount "37"]
[EventDate "2002.03.26"]
[EventType "swiss"]
[EventRounds "9"]
[EventCountry "MEX"]
[SourceTitle "EXT 2003"]
[Source "ChessBase"]
[SourceDate "2002.11.25"]
[SourceVersion "1"]
[SourceVersionDate "2002.11.25"]
[SourceQuality "1"]

1. d4 Nf6 2. c4 e6 3. a3 d5 4. Nc3 Be7 5. Bf4 a6 6. e3 c5 7. cxd5 Nxd5 8. Nxd5 Qxd5 9. Rc1 Nd7 10. Nf3 0-0 11. Bc4 Qh5 12. h3 b5 13. g4 Qg6 14. Bd3 f5 15. Rg1 Qf7 16. gxf5 exf5 17. dxc5 Nxc5 18. Ne5 Qd5 19. Bc4 1-0